000 00903nas a2200289 4500
001 BR2014001608
003 BR-BrBNA
005 20231205123805.0
007 ta
008 230509b bl.|||p| |||| 00| 00por d
040 _aBR-BrBNA
_bpor
_cBiblioteca Nacional de Agricultura
041 _a(Pt)
072 _aP35; F06; Q70
100 1 _aBosco, T.C. dal
100 1 _aSampaio, S.C.
100 1 _aOpazo, M.A.U.
100 1 _aGomes, S.D.
100 1 _aNóbrega, L.H.P.
245 1 _aAplicação de água residuária de suinocultura em solo cultivado com soja: cobre e zinco no material escoado e no solo
650 _aESCOAMENTO
650 _aLIXIVIAÇÃO
650 _aÍON
650 _aÁGUAS RESIDUAIS
773 0 _tEngenharia Agrícola (Brazil)
_xISSN 0100-6916
_g(Oct-Dec 2008), v. 28(4) p. 699-709
_wBR2014001608
909 _a202311
_bLúcia
_c55
_dLúcia Elande
942 _2AGRIS
_n0
_cANA
999 _c235724
_d235724